02174cam a22005414i 4500003000900000005001700009008004100026020001500067020001800082035002000100040003300120082001900153100003600172245011500208250001900323264005800342300006100400336002100461337002500482338002300507504004000530504003400570505074900604526001001353526001001363526001001373526001001383526001001393526000901403526000901412526000901421526000901430526000901439526000901448526000901457526000901466526000901475526000901484526000801493526000801501526000801509526000801517526000801525526000801533541001801541650002901559650004401588PE-LiUPU20250731170423.0180725s2017 nyua rb 001 0 spa d a113868371X a9781138683716 a(Sirsi) a249380 aPE-LiUPUbspacPE-LiUPUerda04a150.9bW792201 aWoody, William Douglas,eautor.12aA history of psychology :bthe emergence of science and applications /cWilliam Douglas Woody and Wayne Viney. aSixth edition. 1aNew York :bRoutledge, Taylor & Francis Group,c2017. axxiv, 599 páginas :bilustraciones ;c26 centímetros atext2rdacontent aunmediated2rdamedia avolume2rdacarrier aBibliografía : páginas 497-566. aÍndice : páginas 570-599.0 aPreface -- Historiographic and philosophical issues -- Critical issues in historical studies -- Philosophical issues -- Ancient psychological thought -- The roman period and the middle ages -- The renaissance -- Modern intellectual developments that contributed to the -- Empiricism, associationism, and utilitarianism -- Rationalism -- Mechanization and quantification -- Naturalism and humanitarian reform -- Psychology from the formal founding in 1879 -- Psychophysics and the formal founding of psychology -- Developments after the founding -- Functionalism -- Behaviorism -- Gestalt psychology -- Gestalt psychology -- Psychoanalysis -- Humanistic psychologies -- Beyond the systems of psychology -- Prospects for the twenty-first century. aSEG68 aSEG70 aSEG69 aSEG67 aSEG43 aP144 aP143 aP131 aP122 aP120 aP117 aP112 aP110 aP106 aP101 aP80 aP59 aP54 aP35 aP33 aP30 g002-00000194;04aPsicología x Historia04aPsicología x Filosofía x Historia